| 000 | 00520nam a22001457a 4500 | ||
|---|---|---|---|
| 008 | 230601b |||||||| |||| 00| 0 eng d | ||
| 040 |
_aNational Science Library _cNational Science Library |
||
| 080 |
_a621.039.8:669(082.2) _bL5 |
||
| 245 |
_aProceeding of the symposium on applications of isotope techniques in hydrology and hydraulics _c/ Bhabha Atomic Research Centre |
||
| 260 |
_aMumbai: _bBhabha Atomic Research Centre, _c1974 |
||
| 300 | _a240p. | ||
| 650 | _aScience | ||
| 653 | _aDictionary | ||
| 942 |
_2udc _cPR |
||
| 999 |
_c38236 _d38236 |
||